Shrinking U.S. States 2018 - Statistics

General Stats
  • This quiz has been taken 53 times
  • The average score is 6 of 9
Answer Stats
Loss State % Correct
11,216 West Virginia
73%
3,122 Mississippi
71%
10,840 Louisiana
67%
2,348 Alaska
64%
45,116 Illinois
60%
48,510 New York
60%
1,215 Connecticut
58%
1,197 Wyoming
56%
3,712 Hawaii
49%
No matching quizzes found
Score Distribution
Percent of People with Each Score
Percentile by Number Answered
Your Score History
You have not taken this quiz